[Event "54smm A Ehrenburg-Naturns"]
[Site "?"]
[Date "2023.02.11"]
[Round "7.2"]
[White "Kapferer, Romed"]
[Black "Gurschler, Thomas"]
[Result "1-0"]
[WhiteElo "2077"]
[BlackElo "1840"]
[PlyCount "65"]
[EventDate "2023.02.11"]

1. e4 g6 2. d4 Bg7 3. Nc3 c6 4. Be3 d5 5. e5 Nh6 6. f4 Nf5 7. Bf2 h5 8. Bd3 Qa5
9. a3 b5 10. b4 Qb6 11. Nf3 O-O 12. O-O a5 13. Qd2 Bd7 14. h3 axb4 15. axb4 Na6
16. Ne2 Nc7 17. Rab1 Nh6 18. Bh4 Rfe8 19. Kh1 Bf5 20. Bg5 Bxd3 21. Qxd3 e6 22.
Rg1 Kh7 23. g4 hxg4 24. hxg4 Rh8 25. Rg3 Kg8 26. Kg2 Kf8 27. Rf1 Ng8 28. f5
gxf5 29. gxf5 exf5 30. Qxf5 Nh6 31. Bxh6 Rxh6 32. Ng5 f6 33. exf6 1-0

[Event "54smm A Ehrenburg-Naturns"]
[Site "?"]
[Date "2023.02.11"]
[Round "7.3"]
[White "Gurschler, Gregor"]
[Black "Babinetz, Rainer"]
[Result "0-1"]
[WhiteElo "1802"]
[BlackElo "1933"]
[PlyCount "94"]
[EventDate "2023.02.11"]

1. e4 e5 2. Nf3 d6 3. d4 exd4 4. Nxd4 Nf6 5. Nc3 Be7 6. Bd3 O-O 7. O-O Re8 8.
Be3 Nbd7 9. f3 Bf8 10. Qd2 c6 11. Rad1 Qc7 12. g4 a6 13. h4 d5 14. Nf5 Nc5 15.
Bxc5 Bxc5+ 16. Kg2 Bxf5 17. gxf5 Rad8 18. Qg5 h6 19. Qg3 Bd6 20. Qf2 Nh5 21.
Ne2 Nf6 22. Nc3 Be5 23. exd5 Bxc3 24. bxc3 Nxd5 25. Rde1 Nxc3 26. f6 Nd5 27.
fxg7 c5 28. Kh1 Rxe1 29. Rxe1 Nf6 30. Qg2 Qf4 31. Qh3 c4 32. Be4 Re8 33. a4
Nxe4 34. fxe4 f5 35. e5 Rxe5 36. Rf1 Qe4+ 37. Kg1 b5 38. axb5 axb5 39. Qg3 Qg4
40. Qxg4 fxg4 41. Rf2 Kxg7 42. Kg2 Kg6 43. Kg3 h5 44. Kg2 b4 45. Kg3 b3 46.
cxb3 cxb3 47. Kg2 Rc5 0-1

[Event "54smm A Ehrenburg-Naturns"]
[Site "?"]
[Date "2023.02.11"]
[Round "7.4"]
[White "Steger, Gerhard"]
[Black "Naegele, Raimund"]
[Result "1/2-1/2"]
[WhiteElo "1926"]
[BlackElo "1664"]
[PlyCount "54"]
[EventDate "2023.02.11"]

1. e4 c6 2. Nc3 d5 3. Qf3 dxe4 4. Nxe4 Nd7 5. d4 Ngf6 6. Bd3 Nxe4 7. Qxe4 Nf6
8. Qh4 e6 9. Nf3 Be7 10. Bg5 Qb6 11. O-O-O c5 12. dxc5 Qxc5 13. Rhe1 Bd7 14.
Ne5 Bb5 15. Bxb5+ Qxb5 16. Nd7 Nd5 17. Bxe7 Nxe7 18. Re5 Qa6 19. Nc5 Qc6 20.
Qd4 O-O 21. Qd7 Qxd7 22. Rxd7 Ng6 23. Re3 b6 24. Na6 Rfc8 25. Nc7 Rab8 26. Na6
Ra8 27. Nc7 Rab8 1/2-1/2

[Event "54smm A Ehrenburg-Naturns"]
[Site "?"]
[Date "2023.02.11"]
[Round "7.5"]
[White "Illmer, Markus"]
[Black "Gruber, Alexander"]
[Result "0-1"]
[WhiteElo "1606"]
[BlackElo "1837"]
[PlyCount "68"]
[EventDate "2023.02.11"]

1. d4 d5 2. Nf3 Nf6 3. Bg5 e6 4. Nbd2 c5 5. e3 Nc6 6. c3 Be7 7. Bd3 b6 8. Qe2
Bb7 9. O-O O-O 10. h3 Qc7 11. Nh2 e5 12. dxe5 Nxe5 13. Bf4 Bd6 14. Bxe5 Bxe5
15. Ng4 Nxg4 16. Qxg4 g6 17. Nf3 f5 18. Qa4 Bf6 19. Be2 Rfe8 20. Rfe1 Re4 21.
Qb3 Rae8 22. Bd3 c4 23. Bxc4 dxc4 24. Qc2 R4e6 25. Qa4 a6 26. Qc2 f4 27. exf4
Qxf4 28. Rxe6 Rxe6 29. Nh2 Qe4 30. Qxe4 Bxe4 31. Ng4 Kf7 32. Re1 Bd3 33. Rxe6
Kxe6 34. Ne3 Bg5 0-1

[Event "54smm A Ehrenburg-Naturns"]
[Site "?"]
[Date "2023.02.11"]
[Round "7.6"]
[White "Mairhofer, Lino"]
[Black "Gurschler, Markus"]
[Result "1-0"]
[WhiteElo "1740"]
[BlackElo "1567"]
[PlyCount "85"]
[EventDate "2023.02.11"]

1. e4 g6 2. d4 Bg7 3. Nc3 d6 4. Be3 a6 5. f3 Nd7 6. Qd2 e5 7. Nge2 Nb6 8. Ng3
Ne7 9. dxe5 Bxe5 10. Bd4 Bxd4 11. Qxd4 O-O 12. O-O-O Nc6 13. Qd2 Qf6 14. f4 Bg4
15. Re1 Be6 16. f5 Bc4 17. Qh6 Ne5 18. Nh5 Qh8 19. Qg5 h6 20. Qg3 Kh7 21. Nf4
Qf6 22. Bxc4 Nexc4 23. Rhf1 g5 24. Nfd5 Nxd5 25. exd5 Rfe8 26. b3 Nb6 27. Qd3
Kg7 28. Ne4 Qa1+ 29. Kd2 Qxa2 30. Qd4+ Re5 31. Ra1 Qxa1 32. Rxa1 f6 33. c4 Rxf5
34. Ng3 Re5 35. Rf1 Nd7 36. Qg4 Rd8 37. Nf5+ Kg6 38. Nd4 Nc5 39. Re1 f5 40. Qf3
g4 41. Qf4 Rxe1 42. Qxf5+ Kg7 43. Kxe1 1-0

[Event "54smm A Groeden-Brixen/Milland"]
[Site "?"]
[Date "2023.02.11"]
[Round "7.1"]
[White "Brenninger, Daniel"]
[Black "Moroder, Stephan"]
[Result "1/2-1/2"]
[WhiteElo "2101"]
[BlackElo "2146"]
[PlyCount "33"]
[EventDate "2023.02.11"]

1. d4 Nf6 2. e3 d5 3. c4 e6 4. Nc3 Be7 5. Nf3 O-O 6. Bd3 dxc4 7. Bxc4 c5 8. O-O
Nc6 9. dxc5 Bxc5 10. a3 a6 11. b4 Qxd1 12. Rxd1 Be7 13. e4 b5 14. Bb3 Rd8 15.
Bf4 Bb7 16. e5 Nd7 17. Re1 1/2-1/2

[Event "54smm A Groeden-Brixen/Milland"]
[Site "?"]
[Date "2023.02.11"]
[Round "7.2"]
[White "Casadio, Niccolo"]
[Black "Kofler, Thomas"]
[Result "1-0"]
[WhiteElo "2083"]
[BlackElo "1954"]
[PlyCount "65"]
[EventDate "2023.02.11"]

1. d4 Nf6 2. Bf4 d5 3. e3 e6 4. Nf3 Be7 5. Bd3 h6 6. Nbd2 Nbd7 7. Ne5 Nxe5 8.
Bxe5 c6 9. c3 b5 10. a4 b4 11. a5 O-O 12. Nb3 Nd7 13. Bg3 c5 14. dxc5 Nxc5 15.
Nxc5 Bxc5 16. O-O bxc3 17. bxc3 Qf6 18. c4 Bd7 19. cxd5 exd5 20. Qh5 Qe6 21.
Rfd1 Rfc8 22. Be2 g5 23. h4 Be7 24. hxg5 Bxg5 25. Bf3 Rc5 26. Rd4 Rac8 27. Rad1
Bc6 28. Bh4 Rxa5 29. Bxg5 hxg5 30. Bg4 Qe8 31. Qxg5+ Kf8 32. Bxc8 Qxc8 33. Rh4
1-0

[Event "54smm A Groeden-Brixen/Milland"]
[Site "?"]
[Date "2023.02.11"]
[Round "7.3"]
[White "Wisthaler, Lukas"]
[Black "Demetz, Rainer"]
[Result "0-1"]
[WhiteElo "1855"]
[BlackElo "2174"]
[PlyCount "82"]
[EventDate "2023.02.11"]

1. e4 e5 2. Nf3 d6 3. c4 Nf6 4. Nc3 g6 5. d4 Nbd7 6. Be2 Bg7 7. O-O O-O 8. dxe5
dxe5 9. h3 c6 10. Be3 Qe7 11. Qc2 Nh5 12. Rfd1 Nf4 13. Bf1 Ne6 14. a3 f5 15. b4
f4 16. Bd2 Nd4 17. Nxd4 exd4 18. Na4 g5 19. Rac1 Ne5 20. Nc5 g4 21. Nd3 gxh3
22. Nxe5 Bxe5 23. f3 Kh8 24. Be1 Rg8 25. Rd2 Be6 26. Bf2 hxg2 27. Bxg2 Bh3 28.
Be1 d3 29. Qxd3 Rad8 30. Qxd8 Rxd8 31. Rxd8+ Qxd8 32. Bxh3 Bb2 33. Rc2 Qd1 34.
Rxb2 Qxe1+ 35. Bf1 Qc3 36. Rf2 Kg7 37. b5 c5 38. Kg2 Kf6 39. a4 b6 40. Be2 Qe1
41. Rf1 Qxe2+ 0-1

[Event "54smm A Groeden-Brixen/Milland"]
[Site "?"]
[Date "2023.02.11"]
[Round "7.4"]
[White "Bernardi, Ruben"]
[Black "Paulmichl, Martin"]
[Result "1-0"]
[WhiteElo "2032"]
[BlackElo "1868"]
[PlyCount "79"]
[EventDate "2023.02.11"]

1. e4 e6 2. f4 d5 3. e5 c5 4. Nf3 Nc6 5. c3 Bd7 6. d3 Nh6 7. Be3 Nf5 8. Bf2 Be7
9. Be2 Rc8 10. O-O O-O 11. Na3 a6 12. Nc2 b5 13. g4 Nh6 14. h3 b4 15. d4 bxc3
16. bxc3 Qa5 17. f5 f6 18. exf6 gxf6 19. Qd2 Nf7 20. fxe6 Bxe6 21. Rae1 Ncd8
22. Bd3 Ng5 23. Nxg5 fxg5 24. dxc5 h6 25. Nd4 Rf6 26. Bf5 Bxf5 27. Nxf5 Bxc5
28. Qxd5+ Ne6 29. Ne7+ Kg7 30. Nf5+ Kf8 31. Qb7 Bxf2+ 32. Rxf2 Re8 33. Rxe6
Rexe6 34. Qg7+ Ke8 35. Qg8+ Kd7 36. Rd2+ Rd6 37. Qg7+ Kc6 38. Nd4+ Kb6 39. Rb2+
Kc5 40. Nb3+ 1-0

[Event "54smm A Groeden-Brixen/Milland"]
[Site "?"]
[Date "2023.02.11"]
[Round "7.5"]
[White "Hellweg, Stephan"]
[Black "Moroder, Thomas"]
[Result "0-1"]
[WhiteElo "1772"]
[BlackElo "1989"]
[PlyCount "56"]
[EventDate "2023.02.11"]

1. e4 c5 2. Nf3 d6 3. Nc3 a6 4. d4 cxd4 5. Nxd4 Nf6 6. Be3 e5 7. Nf3 Qc7 8. Bd3
h6 9. h3 Be6 10. O-O b5 11. a3 Be7 12. Nd2 O-O 13. f4 exf4 14. Bxf4 Nc6 15. Nf3
Rfe8 16. Qd2 Ne5 17. Nxe5 dxe5 18. Be3 Bc5 19. Kh1 Nh5 20. Ne2 Rad8 21. Bxc5
Qxc5 22. Rf3 f5 23. Qb4 Qc6 24. Qc3 Qb7 25. Re3 Nf6 26. Qb4 Qa7 27. Rf3 fxe4
28. Bxe4 a5 0-1

[Event "54smm A Groeden-Brixen/Milland"]
[Site "?"]
[Date "2023.02.11"]
[Round "7.6"]
[White "Grossi, Christian"]
[Black "Ellemund, Gabriel"]
[Result "1-0"]
[WhiteElo "1885"]
[BlackElo "1749"]
[PlyCount "69"]
[EventDate "2023.02.11"]

1. d4 Nf6 2. c4 e6 3. Nf3 Bb4+ 4. Bd2 Be7 5. Nc3 d5 6. e3 O-O 7. b3 b6 8. cxd5
exd5 9. Qc2 Bb7 10. Bd3 Na6 11. a3 c5 12. O-O Rc8 13. Bf5 Ra8 14. Rfd1 cxd4 15.
exd4 Nc7 16. Bf4 g6 17. Bh3 Bc8 18. Bxc8 Rxc8 19. Qd3 Re8 20. h3 Bf8 21. Bg5
Bg7 22. Ne5 Qd6 23. Qf3 h6 24. Bf4 Qe6 25. Re1 Qf5 26. g4 Qc2 27. Rec1 Qxb3 28.
Rcb1 Qc2 29. Ra2 Qxa2 30. Nxa2 Ne6 31. Be3 Rc2 32. Nb4 Rc3 33. Nxd5 Nxd4 34.
Nxf6+ Kf8 35. Nfd7+ 1-0

[Event "54smm A Klausen-Kaltern/Tramin"]
[Site "?"]
[Date "2023.02.11"]
[Round "7.4"]
[White "Dibiasi, Rainer"]
[Black "Haller, Quentin"]
[Result "0-1"]
[WhiteElo "1805"]
[BlackElo "1997"]
[PlyCount "96"]
[EventDate "2023.02.11"]

1. g3 d5 2. Bg2 Nf6 3. c4 e6 4. Nf3 Be7 5. b3 O-O 6. O-O b6 7. Bb2 Bb7 8. Ne5
c5 9. d3 Nc6 10. Nxc6 Bxc6 11. Nd2 Qc7 12. cxd5 Nxd5 13. Nf3 Bf6 14. Qd2 Rfd8
15. Rac1 Qd6 16. Bxf6 Nxf6 17. Qg5 h6 18. Qe3 Rac8 19. Rfd1 Ng4 20. Qd2 Bxf3
21. Bxf3 Ne5 22. Bg2 Qd4 23. Qc3 Qxc3 24. Rxc3 a5 25. Rdc1 Rd4 26. h3 Rcd8 27.
f4 Ng6 28. Rc4 h5 29. Rxd4 Rxd4 30. Rc4 h4 31. Rxd4 cxd4 32. Kf2 Kf8 33. Be4 f5
34. Bb7 Ke7 35. Kf3 hxg3 36. Kxg3 Kf6 37. Ba8 e5 38. fxe5+ Kxe5 39. Bb7 Nf4 40.
Bf3 g5 41. a3 Ne6 42. Ba8 Nc5 43. b4 axb4 44. axb4 Na6 45. b5 Nb4 46. Bb7 Nd5
47. h4 gxh4+ 48. Kxh4 Nc3 0-1

[Event "54smm A Klausen-Kaltern/Tramin"]
[Site "?"]
[Date "2023.02.11"]
[Round "7.4"]
[White "Martinelli, Michele"]
[Black "Schrott, Johann"]
[Result "1/2-1/2"]
[WhiteElo "1704"]
[BlackElo "1813"]
[PlyCount "90"]
[EventDate "2023.02.11"]

1. e4 c5 2. Nf3 Nc6 3. d3 d6 4. g3 g6 5. Bg2 Bg7 6. c3 Nf6 7. O-O O-O 8. Na3 a6
9. Nc2 Qc7 10. h3 Rb8 11. Be3 b5 12. Qd2 Bb7 13. Bh6 Rfd8 14. Bxg7 Kxg7 15. Ne3
e6 16. Ne1 Ne7 17. f4 c4 18. N1c2 cxd3 19. Qxd3 Rbc8 20. a4 Qb6 21. Kh2 bxa4
22. Rxa4 a5 23. Rb1 Ba6 24. Qd4 Qxd4 25. Nxd4 Bd3 26. Rc1 e5 27. fxe5 dxe5 28.
Nb3 Nc6 29. Nxa5 Bxe4 30. Rxe4 Nxe4 31. Nxc6 Rxc6 32. Bxe4 Rd2+ 33. Kg1 Rc8 34.
Rc2 Rd6 35. b4 f5 36. Bxf5 Rf8 37. Be4 Ra6 38. b5 Ra1+ 39. Kg2 Re1 40. Bd5 Rxe3
41. b6 Rd3 42. c4 Rb8 43. b7 Rxd5 44. cxd5 Rxb7 45. d6 Kf6 1/2-1/2

[Event "54smm A Klausen-Kaltern/Tramin"]
[Site "?"]
[Date "2023.02.11"]
[Round "7.4"]
[White "Seebacher, Michael"]
[Black "Thaler, Elmar"]
[Result "1-0"]
[WhiteElo "2056"]
[BlackElo "1763"]
[PlyCount "57"]
[EventDate "2023.02.11"]

1. e4 c6 2. Nc3 d5 3. Nf3 dxe4 4. Nxe4 Bf5 5. Ng3 Bg6 6. h4 h6 7. Ne5 Qd6 8. d4
Nd7 9. Nxg6 fxg6 10. Bd3 O-O-O 11. Qg4 Ngf6 12. Qxg6 Kb8 13. Nf5 Qd5 14. c4
Qa5+ 15. Bd2 Qb6 16. O-O e6 17. Qg3+ Ka8 18. b4 c5 19. dxc5 Nxc5 20. bxc5 Bxc5
21. Rab1 Qc6 22. Nxg7 Rhg8 23. Bxh6 Nh5 24. Qg6 Rxd3 25. Qxd3 Nxg7 26. Bxg7 a6
27. Qh7 Qe8 28. h5 Bd6 29. Be5 1-0

[Event "54smm A Klausen-Kaltern/Tramin"]
[Site "?"]
[Date "2023.02.11"]
[Round "7.4"]
[White "Seebacher, Reinhard"]
[Black "Maier, Fridolin"]
[Result "1/2-1/2"]
[WhiteElo "1908"]
[BlackElo "1758"]
[PlyCount "53"]
[EventDate "2023.02.11"]

1. Nf3 Nf6 2. c4 d5 3. cxd5 Nxd5 4. Nc3 c6 5. d4 Bf5 6. a3 Nd7 7. Nxd5 cxd5 8.
Qb3 Nb6 9. e4 dxe4 10. Bb5+ Bd7 11. Ne5 e6 12. d5 exd5 13. Nxd7 Nxd7 14. Qxd5
Be7 15. O-O a6 16. Bxd7+ Qxd7 17. Qxe4 O-O 18. Be3 Bf6 19. Rad1 Qb5 20. b4 Rad8
21. Bc5 Rfe8 22. Rxd8 Rxd8 23. Re1 h6 24. g3 b6 25. a4 Qxa4 26. Bxb6 Rb8 27.
Bc5 1/2-1/2

[Event "54smm A Klausen-Kaltern/Tramin"]
[Site "?"]
[Date "2023.02.11"]
[Round "7.4"]
[White "Sigmund, Ingenuin"]
[Black "Florian, Andreas"]
[Result "1-0"]
[WhiteElo "1544"]
[BlackElo "1633"]
[PlyCount "71"]
[EventDate "2023.02.11"]

1. Nf3 e6 2. g3 d5 3. Bg2 Nf6 4. O-O Be7 5. d4 O-O 6. Ne5 c5 7. c3 Nc6 8. Nxc6
bxc6 9. Nd2 Ba6 10. Re1 cxd4 11. cxd4 c5 12. Qa4 Qb6 13. Nb3 cxd4 14. Nxd4 Bc5
15. e3 Rac8 16. a3 Bxd4 17. Qxd4 Qxd4 18. exd4 Rc2 19. b4 Rfc8 20. Bf4 Ng4 21.
f3 Nf6 22. Bd6 Nd7 23. f4 R8c3 24. f5 Re2 25. fxe6 Rxe6 26. Rxe6 fxe6 27. Re1
Nf8 28. Bh3 Rc6 29. Bxf8 Kxf8 30. Rxe6 Rc1+ 31. Kf2 Bc8 32. Re5 Bxh3 33. Rxd5
Rc2+ 34. Ke3 Rc3+ 35. Kf4 h6 36. Ra5 {Zeit} 1-0

[Event "54smm A Klausen-Kaltern/Tramin"]
[Site "?"]
[Date "2023.02.11"]
[Round "7.4"]
[White "Zucchelli, Massimo"]
[Black "Schacher, Gerd"]
[Result "0-1"]
[WhiteElo "2128"]
[BlackElo "2298"]
[PlyCount "58"]
[EventDate "2023.02.11"]

1. d4 g6 2. c4 f5 3. Nc3 Nf6 4. g3 Bg7 5. Bg2 O-O 6. Nh3 d6 7. Nf4 c6 8. d5 e5
9. dxe6 Na6 10. O-O Nc5 11. Rb1 Nxe6 12. Qd3 Nc5 13. Qc2 a5 14. a3 g5 15. Nh3
h6 16. b4 axb4 17. axb4 Nce4 18. Bb2 Qe7 19. f3 Nxc3 20. Bxc3 Ra3 21. Bd4 Be6
22. Ra1 Rfa8 23. Rxa3 Rxa3 24. Nf2 Qf7 25. Rc1 f4 26. Nd3 Nh5 27. Bf2 Rc3 28.
Qd2 Rxc4 29. Ra1 Bxa1 0-1

[Event "54smm B Arci2-Richter/Lask2"]
[Site "?"]
[Date "2023.02.11"]
[Round "7.1"]
[White "Pangrazzi, Marco"]
[Black "Pichler, Klaus"]
[Result "1-0"]
[WhiteElo "2153"]
[BlackElo "1715"]
[PlyCount "55"]
[EventDate "2023.02.11"]

1. e4 d5 2. exd5 Qxd5 3. Nc3 Qd6 4. d4 Nf6 5. Nge2 Bg4 6. f3 Bf5 7. Ng3 Bg6 8.
Nce4 Qc6 9. Bd3 Nbd7 10. Qe2 a6 11. O-O e6 12. Re1 Be7 13. c3 O-O 14. f4 Rfe8
15. Qf3 Qb6 16. f5 Ne5 17. Nxf6+ gxf6 18. Rxe5 fxe5 19. fxg6 hxg6 20. Be3 exd4
21. cxd4 c5 22. Rf1 f5 23. d5 Rad8 24. Bc4 Qb4 25. Qf4 exd5 26. Qh6 Qxb2 27.
Bxd5+ Rxd5 28. Qxg6+ 1-0

[Event "54smm B Groeden2-Naturns2"]
[Site "?"]
[Date "2023.02.11"]
[Round "7.1"]
[White "Seppi, Alexander"]
[Black "Alam, Syed Mahbubul"]
[Result "1/2-1/2"]
[WhiteElo "1492"]
[BlackElo "1955"]
[PlyCount "57"]
[EventDate "2023.02.11"]

1. e4 c5 2. Nf3 d6 3. Bb5+ Bd7 4. Bxd7+ Qxd7 5. O-O Nc6 6. d4 cxd4 7. Nxd4 Nf6
8. f3 g6 9. Be3 Bg7 10. c3 O-O 11. Nd2 Rac8 12. Rc1 Ne5 13. Qe2 d5 14. f4 Neg4
15. e5 Nxe3 16. exf6 Nxf1 17. fxg7 Kxg7 18. Rxf1 e6 19. N2f3 Qd6 20. Qe5+ Qxe5
21. Nxe5 Rfe8 22. Nd3 a6 23. g4 f6 24. f5 exf5 25. gxf5 Re3 26. Nf4 Re5 27. Nd3
Re3 28. Nb4 Re5 29. Nd3 1/2-1/2

[Event "54smm B Groeden2-Naturns2"]
[Site "?"]
[Date "2023.02.11"]
[Round "7.2"]
[White "Kasslatter, Matthias"]
[Black "Christanell, Anton"]
[Result "1-0"]
[WhiteElo "1568"]
[BlackElo "1437"]
[PlyCount "125"]
[EventDate "2023.02.11"]

1. e4 e5 2. Nf3 Nc6 3. Bc4 Bc5 4. Nc3 Nf6 5. d3 h6 6. Be3 Bxe3 7. fxe3 d6 8. h3
O-O 9. O-O Na5 10. Bb3 Nxb3 11. axb3 b6 12. d4 exd4 13. exd4 c6 14. Qd2 Bb7 15.
Rad1 Qc7 16. e5 dxe5 17. dxe5 Rfd8 18. Qe2 Nd5 19. Nxd5 cxd5 20. Rd4 Re8 21.
Qd2 Rac8 22. c3 Qe7 23. c4 dxc4 24. bxc4 Bxf3 25. Rxf3 Qxe5 26. Rd7 Rc7 27.
Rfxf7 Rxd7 28. Rxd7 Qc5+ 29. Kh1 Qxc4 30. Rxa7 Re2 31. Qd6 Qe4 32. Qg3 Qe5 33.
Ra8+ Kh7 34. Qd3+ Qe4 35. Qxe4+ Rxe4 36. Ra3 Rb4 37. b3 Kg6 38. Kg1 Kf5 39. Kf2
Ke4 40. Ke2 Kd4 41. Kd2 g6 42. Kc2 h5 43. Ra8 Rb5 44. Ra4+ Ke3 45. g4 Rc5+ 46.
Kb2 b5 47. Ra6 hxg4 48. Rxg6 gxh3 49. Rg3+ Kd4 50. Rxh3 Rc6 51. Ka3 Kc5 52.
Rh5+ Kb6 53. Kb4 Kb7 54. Rxb5+ Rb6 55. Kc5 Rxb5+ 56. Kxb5 Ka7 57. Kc6 Kb8 58.
Kb6 Ka8 59. Kc7 Ka7 60. b4 Ka8 61. Kc6 Ka7 62. b5 Kb8 63. Kb6 1-0

[Event "54smm B Groeden2-Naturns2"]
[Site "?"]
[Date "2023.02.11"]
[Round "7.3"]
[White "Nischler, Hermann"]
[Black "Insam, Raffael"]
[Result "0-1"]
[WhiteElo "1344"]
[BlackElo "1691"]
[PlyCount "108"]
[EventDate "2023.02.11"]

1. e4 c5 2. Nf3 d6 3. d4 cxd4 4. Nxd4 Nf6 5. Nc3 g6 6. Bd3 Bg7 7. Nf3 O-O 8.
O-O Nc6 9. h3 Be6 10. a3 Rc8 11. Bd2 Na5 12. Re1 h6 13. Re2 Nc4 14. Bxc4 Bxc4
15. Re3 Nd7 16. Qe1 Nb6 17. Rc1 Be6 18. b3 Qd7 19. Ne2 Bb2 20. Rd3 Bxc1 21.
Bxc1 Rxc2 22. Bxh6 Rfc8 23. Ned4 R2c5 24. Be3 R5c7 25. Ne2 Qb5 26. Rd1 Bxb3 27.
Rb1 Qd3 28. Nfd4 Bc2 29. Rc1 e5 30. Nxc2 Rxc2 31. Rxc2 Rxc2 32. Ng3 Qxa3 33.
Kh2 Nc4 34. Bg5 Qb2 35. Nh1 Kg7 36. Qd1 Nd2 37. Qg4 Nf1+ 38. Kg1 Qb1 39. Qh4
Ng3+ 40. Kh2 Qxh1+ 41. Kxg3 Rc3+ 42. f3 Qe1+ 43. Kh2 Qxh4 44. Bxh4 b5 45. Be7
Rc6 46. h4 b4 47. g4 b3 48. h5 b2 49. Kg3 b1=R 50. h6+ Kxh6 51. g5+ Kh5 52. Bf8
Rb2 53. Bg7 Rcc2 54. Bxe5 dxe5 0-1

[Event "54smm B Groeden2-Naturns2"]
[Site "?"]
[Date "2023.02.11"]
[Round "7.4"]
[White "Knottner, Klaus"]
[Black "Gufler, Markus"]
[Result "1-0"]
[WhiteElo "1642"]
[BlackElo "1012"]
[PlyCount "24"]
[EventDate "2023.02.11"]

1. e4 e5 2. Nf3 d6 3. Bc4 Be6 4. Bxe6 fxe6 5. c3 Nc6 6. O-O h6 7. Qb3 d5 8.
Qxb7 Na5 9. Qb5+ Qd7 10. Qxa5 dxe4 11. Nxe5 Qd8 12. Qa4+ Ke7 1-0

[Event "54smm B Groeden2-Naturns2"]
[Site "?"]
[Date "2023.02.11"]
[Round "7.5"]
[White "Pamer, Maximilian"]
[Black "Grossrubatscher, Johann"]
[Result "0-1"]
[WhiteElo "1082"]
[BlackElo "1503"]
[PlyCount "26"]
[EventDate "2023.02.11"]

1. e4 d5 2. exd5 Qxd5 3. Nc3 Qa5 4. Bc4 Nf6 5. d3 c6 6. a3 e6 7. Bg5 Qxg5 8. g3
b5 9. Ba2 Bb7 10. h4 Qe5+ 11. Qe2 Qxe2+ 12. Ngxe2 Nbd7 13. O-O-O a6 0-1

[Event "54smm B Groeden2-Ridnaun"]
[Site "?"]
[Date "2023.02.11"]
[Round "7.1"]
[White "Obermueller, Johann"]
[Black "Bergmeister, Elia"]
[Result "1-0"]
[WhiteElo "1677"]
[BlackElo "1297"]
[PlyCount "32"]
[EventDate "2023.02.11"]

1. e4 e5 2. Nf3 Nc6 3. Bc4 Bc5 4. Nc3 Nf6 5. d3 h6 6. Be3 Bb6 7. Nd5 d6 8. Nxb6
axb6 9. a3 O-O 10. h3 Be6 11. Ba2 b5 12. O-O Bxa2 13. Rxa2 b4 14. a4 b5 15. Qa1
bxa4 16. Rxa4 Qb8 1-0

[Event "54smm B Groeden2-Ridnaun"]
[Site "?"]
[Date "2023.02.11"]
[Round "7.3"]
[White "Perathoner, Christine"]
[Black "Helfer, August"]
[Result "0-1"]
[WhiteElo "1269"]
[BlackElo "1654"]
[PlyCount "58"]
[EventDate "2023.02.11"]

1. e4 d6 2. Nf3 g6 3. d4 Bg7 4. Nc3 e6 5. Bg5 Ne7 6. Bc4 a6 7. O-O b5 8. Bb3 h6
9. Bf4 O-O 10. e5 d5 11. a3 Nd7 12. Qd2 Kh7 13. Rfe1 c5 14. dxc5 Nxc5 15. Ba2
Bb7 16. Nd4 Rc8 17. b4 Nd7 18. Bb3 Nc6 19. Nf3 Qc7 20. Rac1 Ncxe5 21. Nxe5 Nxe5
22. Re3 Nc4 23. Bxc7 Nxd2 24. Bd6 Nxb3 25. Bxf8 Rxf8 26. cxb3 d4 27. Rd3 dxc3
28. Rd7 Bd5 29. Rc7 Bxb3 0-1

[Event "54smm B Groeden2-Ridnaun"]
[Site "?"]
[Date "2023.02.11"]
[Round "7.3"]
[White "Sparber, Werner"]
[Black "Piazza, Alex"]
[Result "1-0"]
[WhiteElo "1580"]
[BlackElo "1126"]
[PlyCount "117"]
[EventDate "2023.02.11"]

1. d4 Nf6 2. c4 e6 3. Nc3 d5 4. Nf3 Be7 5. e3 Nbd7 6. Bd2 O-O 7. Bd3 c5 8. O-O
Nb6 9. b3 Bd7 10. Qe2 Qc7 11. Rac1 Bc6 12. Ne5 Bd6 13. f4 Ne4 14. Nb5 Bxb5 15.
cxb5 Nxd2 16. Qxd2 Qe7 17. Nf3 Rac8 18. Qe2 Qf6 19. a4 cxd4 20. Nxd4 Rxc1 21.
Rxc1 Bxf4 22. Rf1 e5 23. exf4 e4 24. Qe3 exd3 25. Qxd3 Re8 26. g3 Nd7 27. Nf3
Qb6+ 28. Qd4 Qxd4+ 29. Nxd4 Re4 30. Rd1 Kf8 31. Kf2 g6 32. Rd3 Nc5 33. Rd2 Ke7
34. Re2 Kd6 35. Rxe4 dxe4 36. g4 Ne6 37. Nxe6 Kxe6 38. g5 Kf5 39. Ke3 f6 40.
gxf6 Kxf6 41. Kxe4 Ke6 42. b4 h6 43. h4 Kf6 44. a5 Ke6 45. b6 axb6 46. axb6 Kd6
47. f5 g5 48. hxg5 hxg5 49. Kf3 Ke5 50. Kg4 Kf6 51. b5 Kf7 52. Kxg5 Kg7 53. f6+
Kf7 54. Kf5 Kf8 55. Ke6 Ke8 56. Kd6 Kf7 57. Kc7 Kxf6 58. Kxb7 Ke7 59. Kc7 1-0

[Event "54smm B Groeden2-Ridnaun"]
[Site "?"]
[Date "2023.02.11"]
[Round "7.5"]
[White "Gasteiger, Josef"]
[Black "Lardschneider, Jonas"]
[Result "1-0"]
[WhiteElo "1379"]
[BlackElo "1000"]
[PlyCount "89"]
[EventDate "2023.02.11"]

1. e4 e5 2. Nf3 Nc6 3. Bc4 Bc5 4. a3 d6 5. Nc3 Bg4 6. Be2 Nge7 7. b4 Bb6 8. Bb2
Bxf3 9. Bxf3 Nd4 10. Nd5 Nxd5 11. exd5 Qf6 12. Bxd4 Bxd4 13. c3 Bb6 14. Qa4+
Kf8 15. Rf1 Re8 16. O-O-O e4 17. Rfe1 Bxf2 18. Rxe4 Rxe4 19. Bxe4 g6 20. Rf1
Kg7 21. Qb5 b6 22. Bc2 Qh4 23. Qe2 Qxh2 24. Qxf2 f5 25. Re1 Rf8 26. Qd4+ Kg8
27. Re7 Rf7 28. Re2 f4 29. Qe4 Qg3 30. Ba4 f3 31. gxf3 Qxf3 32. Qe6 Qf6 33. Qe4
Qf3 34. Be8 Rf8 35. Qe6+ Kg7 36. Re1 Qf6 37. Qd7+ Kg8 38. Qxc7 Qg7 39. Qxd6 Rf6
40. Qe5 Rf8 41. Qe6+ Kh8 42. d6 Rf6 43. Qc8 Rxd6 44. Bf7+ Qg8 45. Qxg8# 1-0

[Event "54smm B Merania2-Steinegg"]
[Site "?"]
[Date "2023.02.11"]
[Round "7.1"]
[White "Engl, Stefan"]
[Black "Klotzner, Jakob"]
[Result "1-0"]
[WhiteElo "1980"]
[BlackElo "1444"]
[PlyCount "97"]
[EventDate "2023.02.11"]

1. e4 e5 2. Nf3 Nc6 3. d4 exd4 4. Bc4 Bb4+ 5. c3 dxc3 6. bxc3 Qe7 7. cxb4 Qxe4+
8. Qe2 Qxe2+ 9. Kxe2 Nxb4 10. Nc3 Ne7 11. Rb1 a5 12. Nb5 Na6 13. Ba3 d6 14.
Bxd6 cxd6 15. Nxd6+ Kd7 16. Nxf7 Re8 17. Rhd1+ Kc7 18. Nd6 Rf8 19. Ne5 Nb4 20.
Nxc8 Kxc8 21. Be6+ Kb8 22. Nd7+ Ka7 23. Nxf8 Rxf8 24. a3 Nbc6 25. Rd7 Rb8 26.
Bg4 Ka6 27. Kd2 g6 28. f4 h5 29. Bf3 Ka7 30. Be4 Ka6 31. Bd3+ Ka7 32. Rb5 h4
33. Kc3 Nc8 34. Be4 N8e7 35. Bd3 Nc8 36. Bxg6 Nb6 37. Rh7 Rc8 38. Kd3 Rd8+ 39.
Ke4 Rd4+ 40. Kf5 Ka6 41. Rb1 Nc4 42. Kg5 b5 43. Be8 Rd5+ 44. Kxh4 Nd4 45. a4 b4
46. Rc1 Nb6 47. g4 Nf3+ 48. Kg3 Nd4 49. Rcc7 1-0

[Event "54smm B Merania2-Steinegg"]
[Site "?"]
[Date "2023.02.11"]
[Round "7.2"]
[White "Degaudenz, Fabio"]
[Black "Pichler, Martin"]
[Result "1/2-1/2"]
[WhiteElo "1461"]
[BlackElo "1870"]
[PlyCount "115"]
[EventDate "2023.02.11"]

1. b3 g6 2. Bb2 Nf6 3. Bxf6 exf6 4. c4 Bg7 5. Nc3 d6 6. g3 O-O 7. Bg2 Nc6 8.
Nf3 Re8 9. O-O Bf5 10. Nh4 Bd7 11. Re1 f5 12. Rc1 f4 13. Nd5 fxg3 14. hxg3 Ne5
15. Nf3 Ng4 16. d4 c6 17. Nc3 Bh6 18. e3 Nxe3 19. fxe3 Bxe3+ 20. Kf1 Bxc1 21.
Qxc1 Qf6 22. Rxe8+ Rxe8 23. Qf4 Qe7 24. Kf2 Bf5 25. Qg5 f6 26. Qd2 Qe6 27. Qe1
Qe7 28. Qd2 Kg7 29. Nh4 Qe6 30. Nxf5+ Qxf5+ 31. Kg1 Qg5 32. Qf2 Qg4 33. Ne4
Qd1+ 34. Kh2 f5 35. Nxd6 Re7 36. c5 Qg4 37. Nc4 Qh5+ 38. Kg1 Re2 39. Qf3 Qxf3
40. Bxf3 Rxa2 41. d5 cxd5 42. Bxd5 Ra1+ 43. Kf2 Rb1 44. Bxb7 Rxb3 45. c6 Rb4
46. Nd6 Rb2+ 47. Ke3 Rc2 48. Kd3 Rc1 49. Kd2 Rc5 50. c7 Kf6 51. c8=Q Rxc8 52.
Nxc8 g5 53. Nd6 h6 54. Ke2 f4 55. Ne4+ Ke5 56. Kf3 fxg3 57. Nxg3 a5 58. Be4
1/2-1/2